000 00319nam a22001337a 4500
008 180917b xxu||||| |||| 00| 0 eng d
041 _aeng
080 _a159.9
082 _a159.9
100 _a48
101 _aPSI
245 _aThe Process of Model-Building the Behavioral Sciences
_cStogdill,R.M
942 _2udc
_cBK
999 _c47847
_d47847